| 000 | 00743nam a2200253Ia 4500 | ||
|---|---|---|---|
| 003 | OSt | ||
| 005 | 20220918192017.0 | ||
| 006 | a|||||r|||| 00| 0 | ||
| 007 | ta | ||
| 008 | 220917b |||||||| |||| 00| 0 eng d | ||
| 024 | _a66,518 | ||
| 037 | _cTextual | ||
| 040 |
_aARTS _cARTS _beng |
||
| 041 |
_2eng _aeng |
||
| 082 | _aR3xJ12:g, M9 | ||
| 100 |
_aNadler Steven M _978059 |
||
| 245 | 0 | _aArnauld and the cartesian philosophy of ideas | |
| 260 |
_aOxford _bManchester Univ Press _c1989 |
||
| 300 |
_aix,195p. _ccm. |
||
| 490 | _aStudies in intellectual history and the history of philosophy | ||
| 500 | _aBib 185p; Includes index | ||
| 942 |
_hR3xJ12:g, M9 _cTEXL _2CC |
||
| 999 |
_c192751 _d192751 |
||